000 00997nas a2200349 4500
001 BR0103009
003 BR-BrBNA
005 20231205102323.0
007 ta
008 230509b bl.|||p| |||| 00| 00por d
040 _aBR-BrBNA
_bpor
_cBiblioteca Nacional de Agricultura
041 _a(Pt)
072 _aL73
100 1 _aFreitas, J.A.
100 1 _aMachado, R.D.
100 1 _aNakauth, C.
100 1 _aNoronha, S.L.B.
100 1 _aRamos, O.S.
100 1 _aPantaleao, F.S.T.
245 1 _aCaracterizacao de cepa de Chlamydia psittaci oriunda de polisserosite de bubalinos
650 _aBufalo
650 _aEmbriao
650 _aPatogeno
650 _aDoenca Animal
650 _aInfeccao
650 _aImunofluorescencia
650 _aTemperatura
650 _aAntibiotico
773 0 _tArquivos do Instituto Biologico (Brazil)
_xISSN 0020-3653
_g(Jan-Dec 1995), v. 62(1-2) p. 53-58
_wBR0103009
909 _a202311
_bLúcia
_c55
_dLúcia Elande
942 _2AGRIS
_n0
_cANA
999 _c166962
_d166962